banner

Bioseguridad y control de infecciones en hemodiálisis / (Registro nro. 1174)

000 -LEADER
fixed length control field 02590nam a22002417 4500
003 - CONTROL NUMBER IDENTIFIER
control field AR-BaISA
005 - DATE AND TIME OF LATEST TRANSACTION
control field 20221108165346.0
007 - PHYSICAL DESCRIPTION FIXED FIELD--GENERAL INFORMATION
fixed length control field ta
008 - FIXED-LENGTH DATA ELEMENTS--GENERAL INFORMATION
fixed length control field 221108s2003 ag ad||| |||| 000 0 spa d
020 ## - INTERNATIONAL STANDARD BOOK NUMBER
International Standard Book Number 9872069808
040 04 - CATALOGING SOURCE
Language of cataloging spa
Transcribing agency AR-BaISA
082 04 - DEWEY DECIMAL CLASSIFICATION NUMBER
Edition number 22
Classification number 617.461 059 G884
245 00 - TITLE STATEMENT
Title Bioseguridad y control de infecciones en hemodiálisis /
Statement of responsibility, etc. coordinadora Nora Grinberg
260 ## - PUBLICATION, DISTRIBUTION, ETC.
Place of publication, distribution, etc. [Buenos Aires]:
Name of publisher, distributor, etc. Confederación de Asociaciones de Diálisis de la República Argentina (CADRA),
Date of publication, distribution, etc. [2003]
300 ## - PHYSICAL DESCRIPTION
Extent 312 p.:
Other physical details il., gráfs., tablas
504 ## - BIBLIOGRAPHY, ETC. NOTE
Bibliography, etc. note Bibliografía al final de cada capítulo.
505 ## - FORMATTED CONTENTS NOTE
Title Carlos A. Lavorato / Introducción al Programa de Control de Infecciones --
-- Ercilia Olivera, Nora Grinberg / Herramientas de epidemiología y control de infecciones en unidades de diálisis --
-- Mónica López / Vigilancia epidemiológica --
-- Estela Díaz Williams / La enfermería y el espacio físico en la prestación de diálisis --
-- Edith Tabbia / Medidas de aislamiento --
-- Liliana Gasparotti / Lavado de manos en unidades de diálisis --
-- Nora Grinberg, Ercilia Olivera, Marina Khoury / Lavado de manos e infección nosocomial en las unidades de diálisis --
-- Liliana Gasparotti / Higiene hospitalaria --
-- Liliana Gasparotti / Antisépticos y desinfectantes --
-- Liliana Gasparotti / Esterilización en la unidad de diálisis --
-- Ernesto Sanguedolce / Alimentación en las unidades de diálisis --
-- Ernesto Sanguedolce / Guías para el manejo de la ropa en unidades de diálisis --
-- Edith Tabbia / Clasificación de los residuos de establecimientos de salud --
-- Edith Tabbia / Medidas de control para microorganismos multirresistentes en las UD --
-- María N. Pissano, Nora Grinberg / Reprocesamiento de dializadores --
-- Jaime Pérez Loredo / Desinfección de máquinas de diálisis --
-- Mónica López, Nora Grinberg / Prevención de enfermedades y cuidados de catéteres --
-- Carlos A. Lavorato / Hepatitis "C" en unidades de diálisis --
-- Ernesto Sanguedolce, Nora Grinberg / Hepatitis "B" en unidades de diálisis --
-- Nora Grinberg / Otras endemias en unidades de diálisis (HIV - TB) --
-- Nora Grinberg, Ercilia Olivera / Exposición laboral del trabajador en unidades de diálisis --
-- Edith Tabia / Prevención de la infección del sitio quirúrgico --
-- Marina Khoury / Enfermería basada en evidencia (EBE) --
-- María N. Pissano / Herramientas de calidad
650 10 - SUBJECT ADDED ENTRY--TOPICAL TERM
9 (RLIN) 2648
Topical term or geographic name entry element Diálisis renal
650 10 - SUBJECT ADDED ENTRY--TOPICAL TERM
9 (RLIN) 2649
Topical term or geographic name entry element Contención de riesgos biológicos
650 10 - SUBJECT ADDED ENTRY--TOPICAL TERM
9 (RLIN) 2650
Topical term or geographic name entry element Control de infecciones
700 1# - ADDED ENTRY--PERSONAL NAME
9 (RLIN) 2647
Personal name Grinberg, Nora
Relator term coord.
942 ## - ADDED ENTRY ELEMENTS (KOHA)
Source of classification or shelving scheme
Koha item type Libros
Edition 22
Existencias
Withdrawn status Lost status Source of classification or shelving scheme Damaged status Not for loan Permanent Location Current Location Date acquired Inventory number Total Checkouts Total Renewals Full call number Barcode Date last seen Date last checked out Copy number Price effective from Koha item type
          Biblioteca ISALUD. Dr. Néstor Rodríguez Campoamor Biblioteca ISALUD. Dr. Néstor Rodríguez Campoamor 2022-11-08 2141 1 1 617.461 059 G884 2141 2024-08-29 2024-05-20 ej. 1 2022-11-08 Libros
          Biblioteca ISALUD. Dr. Néstor Rodríguez Campoamor Biblioteca ISALUD. Dr. Néstor Rodríguez Campoamor 2022-11-08 2336 1   617.461 059 G884 2336 2024-11-15 2024-09-12 ej. 2 2022-11-08 Libros